Statistics for The Big Bang Theory Character's

Click here to take the quiz!

General Stats

  • This quiz has been taken 6,409 times
    (6,399 since last reset)
  • The average score is 11 of 17

Answer Stats

Hint Answer % Correct
Waitress at Cheesecake FactoryPenny
100%
Theoretical PhysisitsSheldon Cooper
99%
Engineer Without a DoctorateHoward Wolowitz
98%
Particle AstrophysicistRajesh Koothrappali
97%
Experimental PhysistsLeonard Hofstadter
95%
Sheldon's "Girlfriend"Amy Farrah Fowler
94%
Microbiologist and Engaged to HowardBernadette Rostenkowski
85%
Was on Star TrekWil Wheaton
78%
Owns a comic book storeStuart Bloom
63%
Raj's SisterPriya Koothrappali
53%
Co-Worker With a Speech ImpedimentBarry Kripke
51%
Penny's Dumbwitted BoyfriendZack Johnson
40%
Sheldon's MomMary Cooper
33%
Sheldon's SisterMissy Cooper
30%
Sheldon's Arch-NemesisLeslie Winkle
28%
Leonard's MomDr. Beverly Hofstadter
25%
Penny's Very Large BoyfriendKurt
25%

Score Distribution

Percentile by Number Answered

Percent of People with Each Score

Your Score History

You have not taken this quiz since the last reset